| 000 | 00546nam a2200193Ia 4500 | ||
|---|---|---|---|
| 005 | 20250508160832.0 | ||
| 008 | 008 250505s9999 xx 000 0 eng d | ||
| 037 | _aBooks to be hide in OPAC | ||
| 040 |
_aFEDL _beng _cFEDL |
||
| 041 |
_aeng _2eng |
||
| 084 |
_a001.42, PHI _qFEDL |
||
| 100 |
_aPhillips Derk L _9769502 |
||
| 245 | 0 | _aAbandoning method | |
| 260 |
_aSan Francisco _bJossey - Bass Publishers _c1973 |
||
| 300 | _axvi,202p | ||
| 650 | _aResearch Methods | ||
| 942 |
_cHB _h001.42, PHI |
||
| 999 |
_c1366890 _d1366890 |
||